000 00288nam a2200121 a 4500
005 20140414132112.0
008 110805s19uu xx 00 eng d
050 _aTR
_bPo81 1979
100 _aAsch, Frank
245 _aPopcorn.
260 _aNew York :
_bTrumper,
_c1979.
999 _c114794
_d114794